000 00711nam a2200253Ia 4500
001 dia_2334
003 CHAP
005 20230509091204.0
008 220117s1982 xx 000 0 und d
010 _a172855
040 _cCHAP
082 _a658 S2
100 _aSchneider, Kennth C.
_9152594
245 _aMétodos Cuantitativos en Administración /
_c por Kennth C. Schneider y Randall Byers
260 _aMéxico :
_b Limusa,
_c1982
300 _a325 p.
500 _aC/e
503 _aTrad. de Quantitative Management
650 _a1.Administración.
_9146957
901 _a658 S2
902 _aM
905 _a0000001982 MEXX 0000000000ESP00
942 _cLIBRO
_2ddc
999 _c172855
_d172855